The bird watcher's reference book.

Bibliographic Details
Main Author: Lister, Michael, 1915 or 1916-1969
Format: Book
Language:English
Published: London : Phoenix House, [1956]
Subjects:

MARC

Tag First Indicator Second Indicator Subfields
LEADER 00000cam a2200000 4500
001 in00000052909
005 20160308110210.0
008 770815s1956 enkab b 00000 eng c
010 |a a 57007186  
035 |a (OCoLC)03189279 
035 |9 AAF1133AM 
040 |a Wisconsin. Univ. Libr.  |c OCP  |d TXA  |d UtOrBLW 
049 |a TXAM  |c [284889] 
090 |a QL677.5  |b .L6 
092 |a 598.2  |b L773b 
100 1 |a Lister, Michael,  |d 1915 or 1916-1969. 
245 1 4 |a The bird watcher's reference book. 
264 1 |a London :  |b Phoenix House,  |c [1956] 
300 |a 256 pages :  |b illustrations, map. ;  |c 22 cm. 
336 |a text  |b txt  |2 rdacontent 
337 |a unmediated  |b n  |2 rdamedia 
338 |a volume  |b nc  |2 rdacarrier 
504 |a Includes bibliographies. 
650 0 |a Birds. 
650 0 |a Bioclimatology. 
999 |a MARS 
999 f f |s daca2190-f429-349b-b937-a8eea5be4aad  |i 22de34f7-ff4e-3b46-abb1-e75d05a8b9f4  |t 0 
952 f f |p ric  |a Texas A&M University  |b Rellis Campus  |c Joint Library Facility  |d Remote Storage  |t 0  |e QL677.5 .L6  |h Library of Congress classification  |i unmediated -- volume  |m A14801021771 
998 f f |a QL677.5 .L6  |t 0  |l Remote Storage